000 00552nam a2200181 a 4500
001 000017326
005 20200929165101.0
008 100322s19uu ck 000 0 spa d
040 _aDO-SdBNP
_bspa
_cBNPHU
082 _axxx
_bC313o
100 1 _aCarrasquilla, Tomás
_937978
245 1 0 _aObras completas /
_cTomás Carrasquilla ; prólogo Roberto Jaramillo.
260 _aBogotá. :
_bBedout,
_c[190?].
300 _av. ;
_c24 cm.
500 _aLa bilioteca posee el volumen primero
700 1 _aJaramillo, Roberto,
_epról.
_937979
049 _aBNPD
999 _c16851
_d16851